FORESTRY for rural communities
| Corporate Author: | |
|---|---|
| Format: | Book |
| Published: |
Rome :
Food and Agriculture Organization of the United Nations ,
(19--)
|
| Subjects: |
MARC
| LEADER | 00000cam a2200000 7i4500 | ||
|---|---|---|---|
| 001 | 0000002821 | ||
| 005 | 20040119.0 | ||
| 090 | 0 | 0 | |a 333.75 |b FOR (19--) |
| 245 | 0 | 0 | |a FORESTRY for rural communities |
| 260 | 0 | 0 | |a Rome : |b Food and Agriculture Organization of the United Nations , |c (19--) |
| 300 | |a 56 p. : |b ill. ; |c 23 cm. | ||
| 650 | 0 | 0 | |a Forests and forestry |
| 710 | 1 | 1 | |a Food and Agriculture Organization of the United Nations (FAO) |
| 998 | |a JPSM | ||
| 999 | |a 0000004481 |b Monograph |c Open Shelf |e Default branch | ||